000 01067nam a2200229Ia 4500
001 L200-52955
003 IT-CnALBA
008 170116s9999||||xx |||||||||||||| ||und||
040 _aIT-CnALBA
_cIT-CnALBA
041 _aITALIANO
100 _aRUSPI WALTER
245 0 _aLA BASILICA DI S. GAUDENZIO A NOVARA. STORIA ARTE VITA RELIGIOSA.
250 _a1a ed.
260 _aCINISELLO BALSAMO (MI)
_bEDIZIONI PAOLINE
_c2000 [1° Ed.:2000 - Ed.Ling.Originale: 2000]
300 _a94 p.
500 _aGUIDE S. PAOLO. TEMPORELLI A. TUNIZ D. STORIA DELLA BASILICA DI S. GAUDENZIO. INTRODUZIONE. VISITA BASILICA. LA VITA RELIGIOSA. ILLUSTRAZIONI A COLORE E BIANCO E NERO.
501 _aSocietà San Paolo EM - Piazza San Paolo, 14 - 12051 ALBA (CN) (non commercial uses only) ® Copyright 2017
520 _aGUIDE S. PAOLO. TEMPORELLI A. TUNIZ D. STORIA DELLA BASILICA DI S. GAUDENZIO. INTRODUZIONE. VISITA BASILICA. LA VITA RELIGIOSA. ILLUSTRAZIONI A COLORE E BIANCO E NERO.
650 _aRELIGIONE - RELIGIONE CRISTIANA
942 _cBK
957 _71
999 _a69559
_bNO
_g Copie: 1
_c311832
_d311832